000 00336pab a2200145 454500
008 180718b2005 xxu||||| |||| 00| 0 eng d
100 _aRaj Kumar
245 _aTax compliance and VAT: governance options
260 _c2005
300 _ap.108-20.
362 _aJul
650 _aTaxation
773 _aAdministrator
909 _a69721
999 _c69721
_d69721